2021 NCAA Men's Basketball All-Conference 2nd Teams - Statistics

General Stats
  • This quiz has been taken 7 times
  • The average score is 31 of 159
Answer Stats
Conference Player College % Correct
MAC Jeenathan Williams Buffalo
67%
AAC Keith Williams Cincinnati
67%
Horizon Amari Davis Green Bay
50%
Big 12 Andrew Jones Texas
50%
Southland Cameron Johnson Stephen F. Austin
50%
Big East Damien Jefferson Creighton
50%
Big East David Duke Providence
50%
Big 12 David McCormack Kansas
50%
Summit Douglas Wilson South Dakota State
50%
Big Ten Franz Wagner Michigan
50%
Big Ten Hunter Dickinson Michigan
50%
Big Ten Isaiah Livers Michigan
50%
SWAC Jalen Johnson Alabama A&M
50%
Big Ten Joe Wieskamp Iowa
50%
Pac-12 Johnny Juzang UCLA
50%
WCC Logan Johnson Saint Mary's
50%
Big 12 Mac McClung Texas Tech
50%
Big 12 Miles McBride West Virginia
50%
Pac-12 Tahj Eaddy USC
50%
Big South Tajion Jones UNC Asheville
50%
Big Ten Trayce Jackson-Davis Indiana
50%
NEC Tyler Thomas Sacred Heart
50%
Sun Belt Corey Allen Georgia State
33%
Big West Darius Brown II Cal St Northridge
33%
AAC DeJon Jarreau Houston
33%
OVC DeVon Cooper Morehead State
33%
SEC D.J. Stewart Jr. Mississippi State
33%
MAAC Dwight Murray Jr. Rider
33%
MVC Jake LaRavia Indiana State
33%
ACC Jay Huff Virginia
33%
ACC Jose Alvarado Georgia Tech
33%
AAC Justin Gorham Houston
33%
ACC Keve Aluma Virginia Tech
33%
Big 12 Marcus Garrett Kansas
33%
AAC Marcus Sasser Houston
33%
OVC Mark Freeman Tennessee State
33%
NEC Michael Green III Bryant
33%
ACC M.J. Walker Florida State
33%
Big East Nate Watson Providence
33%
Big East Paul Scruggs Xavier
33%
Big South Rayshon Harrison Presbyterian
33%
America East Stef Smith Vermont
33%
SEC Trendon Watford LSU
33%
Big East Zach Freemantle Xavier
33%
ACC Aamir Simms Clemson
17%
Mountain West Abu Kigab Boise State
17%
SEC AJ Lawson South Carolina
17%
WCC Andrew Nembhard Gonzaga
17%
America East Ben Shungu Vermont
17%
A-10 Blake Francis Richmond
17%
OVC Brandon Huffman Jacksonville State
17%
Summit Brandon McKissic UMKC
17%
Mountain West Bryce Hamilton UNLV
17%
Big South Cedric Henderson Jr. Campbell
17%
NEC Chauncey Hawkins St. Francis (BKN)
17%
SoCon David Jean-Baptiste Chattanooga
17%
MEAC De'Torrion Ware Morgan State
17%
MEAC Devante Carter Norfolk State
17%
ASUN Dontarius James Jacksonville
17%
MVC Elijah Childs Bradley
17%
ASUN Elijah Cuffee Liberty
17%
Big West Ezra Manjon UC Davis
17%
MAAC George Papas Mounmouth
17%
Horizon Grant Basile Wright State
17%
SoCon Greg Parham VMI
17%
CAA Hunter McIntosh Elon
17%
Pac-12 Isaac Bonton Washington State
17%
CAA Isaac Kante Hofstra
17%
Mountain West Isaiah Stevens Colorado State
17%
A-10 Jacob Gilyard Richmond
17%
NEC Jahlil Jenkins Fairleigh Dickinson
17%
WAC Jamison Overton Utah Valley
17%
A-10 Jaren Holmes St. Bonaventure
17%
C-USA Jarrod West Marshall
17%
A-10 Javonte Perkins Saint Louis
17%
SEC Javonte Smart LSU
17%
SWAC Jawaun Daniels Prairie View A&M
17%
SWAC Jayveous McKinnis Jackson State
17%
MAC Jayvon Graves Buffalo
17%
Southland Joe Pleasant Abilene Christian
17%
Big Sky John Knight III Southern Utah
17%
ASUN Jose Placer North Florida
17%
MAC Josh Mballa Buffalo
17%
WAC Jovan Blacksher Jr. Grand Canyon
17%
OVC Jr. Clay Tennessee Tech
17%
Mountain West Justin Bean Utah State
17%
Southland Keaston Willis Incarnate Word
17%
C-USA Keaton Wallace UTSA
17%
WCC Khalil Shabazz San Francisco
17%
MVC Lucas Williamson Loyola-Chicago
17%
CAA Luke Loewe William & Mary
17%
Big Sky Maizen Fausett Southern Utah
17%
MEAC Malik Miller Morgan State
17%
Horizon Marcus Burk IUPUI
17%
MAAC Marcus Hammond Niagara
17%
A-10 Marcus Weathers Duquesne
17%
Pac-12 Matt Bradley California
17%
ASUN Mervin James North Alabama
17%
SoCon Mike Bothwell Furman
17%
MEAC Myles Carter Delaware State
17%
America East Nick Guadarrama New Hampshire
17%
SoCon Noah Gurley Furman
17%
Mountain West Orlando Robinson Fresno State
17%
A-10 Osun Osunniyi St. Bonaventure
17%
WAC Riley Grigsby Seattle U
17%
ASUN Romeao Ferguson Lipscomb
17%
Summit Sam Griesel North Dakota State
17%
Big Sky Seikou Sisoho Jawara Weber State
17%
Sun Belt Shahada Wells UT Arlington
17%
MVC Shamar Givance Evansville
17%
MVC ShanQuan Hemphill Drake
17%
C-USA Taveion Hollingsworth Western Kentucky
17%
C-USA Tavin Lovan UAB
17%
Sun Belt Theo Akwuba Louisiana
17%
America East Traci Carter Hartford
17%
Big West Tray Maddox Jr. Cal St Fullerton
17%
Southland Trenton Massner Northwestern State
17%
NEC Ty Flowers LIU
17%
Big Sky Xavier Bishop Montana State
17%
CAA Zane Martin Towson
17%
America East Antonio Rizzuto Albany
0%
Patriot Austin Butler Holy Cross
0%
Big West Brad Greene UC Irvine
0%
WCC Brandon Averette BYU
0%
AAC Brandon Rachal Tulsa
0%
SWAC Cam Christon Grambling
0%
OVC Cameron Holden UT Martin
0%
SEC Colin Castleton Florida
0%
Southland Damion Rosser New Orleans
0%
Patriot E.J. Stephens Lafayette
0%
Big West Elijah Pepper UC Davis
0%
Big Sky Ethan Esposito Sacramento State
0%
Summit Filip Rebraca North Dakota
0%
SWAC Garrett Hicks Alabama A&M
0%
WAC Gorjok Gak California Baptist
0%
MAC Ishmael El-Amin Ball State
0%
WAC Jabari Rice New Mexico State
0%
MAAC Jacob Rigoni Quinnipiac
0%
SEC Jaden Shackelford Alabama
0%
Patriot Javante McCoy Boston University
0%
SEC Jeremiah Tilmon Missouri
0%
Mountain West Jordan Schakel San Diego State
0%
Big South Jordan Whitfield Campbell
0%
Big South Juan Munoz Longwood
0%
Sun Belt Justin Forrest Appalachian State
0%
MEAC Kameron Langley North Carolina A&T
0%
MAAC Kobi Nwandu Niagara
0%
Patriot Lonnie Grayson Army
0%
C-USA Malik Curry Old Dominion
0%
Sun Belt Marquis Eaton Arkansas State
0%
WCC Matt Haarms BYU
0%
Horizon Naz Bohannon Youngstown State
0%
Patriot Nelly Cummings Colgate
0%
SoCon Ross Cummings Mercer
0%
SEC Sahvir Wheeler Georgia
0%
MAC Spencer Littleson Toledo
0%
Horizon Trevon Faulkner Northern Kentucky
0%
Summit Will Carius Western Illinois
0%
CAA Zep Jasper Charleston
0%
No matching quizzes found
Score Distribution
Percent of People with Each Score
Percentile by Number Answered
Your Score History
You have not taken this quiz